| 000 | 00684nam a22002297a 4500 | ||
|---|---|---|---|
| 003 | UA-OsUOA | ||
| 001 | 81853 | ||
| 007 | ta | ||
| 008 | 20120209b un ||||| |||| 00| 0 ukr d | ||
| 100 | _aФедорова Е. | ||
| 700 | _aЛукасевич И. | ||
| 090 |
_a330 _bФ33 |
||
| 942 | _cSA | ||
| 040 |
_aUA-OsUOA _brus _cUA-OsUOA _dUA-OsUOA |
||
| 245 | _aПрогнозирование финансовых кризисов с помощью индикаторов: особенности развивающихся стран | ||
| 300 | _aС.35-46 | ||
| 955 | _a0 | ||
| 041 | _arus | ||
| 080 | _a330 | ||
| 773 | 0 | _w81851 | |
| 650 | 7 |
_a330 Економіка взагалі _2UDC |
|
| 999 |
_c368164 _d368164 |
||